Choir and choral music (Record no. 16187)

MARC details
000 -LEADER
fixed length control field 00418nam a22001457a 4500
008 - FIXED-LENGTH DATA ELEMENTS--GENERAL INFORMATION
fixed length control field 161011b xxu||||| |||| 00| 0 eng d
040 ## - CATALOGING SOURCE
Original cataloging agency KABU
Transcribing agency KABU
050 ## - LIBRARY OF CONGRESS CALL NUMBER
Classification number ML1500
Item number .M44 1901 C.1
100 ## - MAIN ENTRY--PERSONAL NAME
Personal name Mees, Arthur
245 ## - TITLE STATEMENT
Title Choir and choral music
Statement of responsibility, etc. by Authur Mees
260 ## - PUBLICATION, DISTRIBUTION, ETC. (IMPRINT)
Place of publication, distribution, etc. New York
Date of publication, distribution, etc. 1901
300 ## - PHYSICAL DESCRIPTION
Extent vii, 251 p.
650 ## - SUBJECT ADDED ENTRY--TOPICAL TERM
Source of heading or term Choral music
942 ## - ADDED ENTRY ELEMENTS (KOHA)
Source of classification or shelving scheme Library of Congress Classification
Koha item type General Collection
Classification part ML1500 .M44 1901 C.1
Holdings
Withdrawn status Lost status Source of classification or shelving scheme Not for loan Home library Current library Shelving location Date acquired Cost, normal purchase price Total Checkouts Total Renewals Full call number Barcode Date last seen Date last checked out Copy number Price effective from Koha item type
    Library of Congress Classification   Kabarak, Main Campus Kabarak, Main Campus General Stacks 11/10/2016 1018.98 2 1 ML1500 .M44 1901 C.1 026824 17/04/2018 10/03/2018 C.1 11/10/2016 General Collection
Designed with assistance from East African Informatics Ltd